000 00300nam a2200121 a 4500
005 20141022142009.0
008 120229s19uu xx 00 eng d
050 _aCD
_bC321 2009
100 _aCarson, Cindy
245 _aDigital audio brodcasting /
_cCindy Carson.
260 _c2009.
942 _cAVM
999 _c276654
_d276654